00434nam a22001577a 4500003000400000005001700004008004100021020002100062035001300083040001500096082001000111100001500121245007200136260005200208300001600260dpl20180725101959.0180725b xxu||||| |||| 00| 0 eng d a8120000730c0.00 aA-292774 aDPLbENc0 a658.3 aKumar,H.L. aPersonnel Management in Hotel and Catering Industry /cby H.L.Kumar aNew DelhibMetropolitan Book Co. Pvt Ltd c1986 a240.;c20cm